Statistics for Countries Closest to India A-Z

Click here to take the quiz!

General Stats

  • This quiz has been taken 149 times
    (116 since last reset)
  • The average score is 20 of 24

Answer Stats

HintAnswer% Correct
BBangladesh/Bhutan
98%
CChina
97%
NNepal
96%
AAfghanistan
94%
OOman
93%
YYemen
91%
PPakistan
90%
QQatar
90%
IIran
87%
SSri Lanka
86%
RRussia
84%
LLaos
83%
MMyanmar
83%
VVietnam
83%
ZZambia
83%
UUzbekistan
82%
JJordan
81%
KKyrgyzstan
79%
TTajikistan
79%
HHungary
75%
GGeorgia
71%
DDjibouti
70%
FFinland
63%
EEthiopia
60%

Score Distribution

Percentile by Number Answered

Percent of People with Each Score

Your Score History

You have not taken this quiz since the last reset